Nemocenské pojištění pracovníků
Gespeichert in:
| 1. Verfasser: | |
|---|---|
| Format: | Buch |
| Sprache: | Tschechisch |
| Veröffentlicht: |
Praha
Práce
1984
|
| Schriftenreihe: | Příručky Práce
|
| Tags: |
Keine Tags, Fügen Sie das erste Tag hinzu!
|
MARC
| LEADER | 00000nam a2200000 4500 | ||
|---|---|---|---|
| 001 | c105951 | ||
| 005 | 20050302095210.2 | ||
| 041 | 0 | |a cze | |
| 044 | |a CZ | ||
| 245 | 1 | 0 | |a Nemocenské pojištění pracovníků |c Karel Kalina a kol. |
| 264 | 1 | |a Praha |b Práce |c 1984 | |
| 300 | |a 362 s. | ||
| 490 | 1 | |a Příručky Práce | |
| 830 | 0 | |a Příručky Práce | |
| 100 | 1 | |a Kalina, Karel | |